Faktory konkurencieschopnosti slovenského priemyslu
Dynamika vývoja priemyslu v EÚ. Dynamika vývoja priemyslu v SR. Porovnanie vývoja priemyslu a jeho konkurenčnej schopnosti v krajinách EÚ a v SR Organizačná štruktúra slovenského priemyslu a jej vývoj. Konkurenčná schopnosť a inovácie.
Salvato in:
| Autore principale: | |
|---|---|
| Altri autori: | |
| Natura: | Capitolo di libro |
| Lingua: | slovacco |
| Soggetti: | |
| Tags: |
Nessun Tag, puoi essere il primo ad aggiungerne!!
|
MARC
| LEADER | 00000nla a2200000 4500 | ||
|---|---|---|---|
| 001 | 0237311 | ||
| 005 | 20240502073830.6 | ||
| 041 | 0 | |a slo | |
| 044 | |a SK | ||
| 245 | 1 | 0 | |a Faktory konkurencieschopnosti slovenského priemyslu |c Ľuboslav Szabo, Miroslav Grznár |
| 520 | |a Dynamika vývoja priemyslu v EÚ. Dynamika vývoja priemyslu v SR. Porovnanie vývoja priemyslu a jeho konkurenčnej schopnosti v krajinách EÚ a v SR Organizačná štruktúra slovenského priemyslu a jej vývoj. Konkurenčná schopnosť a inovácie. | ||
| 610 | 2 | 0 | |a konkurencieschopnosť |
| 610 | 2 | 0 | |a podnik priemyselný |
| 610 | 2 | 0 | |a Slovensko |
| 610 | 2 | 0 | |a Európska únia |
| 610 | 2 | 0 | |a priemysel |
| 610 | 2 | 0 | |a inovácia |
| 100 | 1 | |a Szabo, Ľuboslav | |
| 700 | 1 | |a Grznár, Miroslav | |